The Indian Legal Profession in the Age of Globalization: (Record no. 202290)

MARC details
000 -LEADER
fixed length control field 00863nam a22002057a 4500
005 - DATE AND TIME OF LATEST TRANSACTION
control field 20240508170530.0
010 ## - LCCN (DPL NO)
LC control number ENG-140221
020 ## - INTERNATIONAL STANDARD BOOK NUMBER
Terms of availability 895.00
International Standard Book Number 9781108444873
035 ## - SYSTEM CONTROL NUMBER
System control number EN-123753
037 ## - SOURCE OF ACQUISITION
Source of stock number/acquisition DBAD
082 ## - DEWEY DECIMAL CLASSIFICATION NUMBER
Classification number 340.5
245 ## - TITLE STATEMENT
Title The Indian Legal Profession in the Age of Globalization:
Remainder of title The Rise of the Corporate Legal Sector and its Impact on Lawyers and Society/
Statement of responsibility, etc Edited by David B. Wilkins; Vikramaditya S. Khanna [and] David M. Trubek
260 ## - PUBLICATION, DISTRIBUTION, ETC. (IMPRINT)
Place of publication, distribution, etc New Delhi
Name of publisher, distributor, etc Cambridge University Press
Date of publication, distribution, etc 2017
270 ## - ADDRESS
City New Delhi
Address 314 to 321, 3rd floor, Plot No. 3, Splendor Forum, Jasola District Centre
Postal code 110025
300 ## - PHYSICAL DESCRIPTION
Extent 756p.
Dimensions 23cm(pbk)
700 ## - ADDED ENTRY--PERSONAL NAME
Personal name Edited by David B. Wilkins
9 (RLIN) 64920
700 ## - ADDED ENTRY--PERSONAL NAME
Personal name Edited by Vikramaditya S. Khanna
9 (RLIN) 64921
700 ## - ADDED ENTRY--PERSONAL NAME
Personal name Edited by David M. Trubek
9 (RLIN) 64922
942 ## - ADDED ENTRY ELEMENTS (KOHA)
Source of classification or shelving scheme Dewey Decimal Classification
Item type English Books
Classification part 340.5
Call number suffix IND
Holdings
Withdrawn status Lost status Not for loan Collection code Home library Current library Date acquired Source of acquisition Cost, normal purchase price Full call number Barcode Copy number Cost, replacement price Koha item type
      Non-fiction Ashok Vihar Ashok Vihar 19/04/2024 DBAD 895.00 340.5 IND EN-123753 1 895.00 English Books

© Delhi Public Library
Hit Counter
free hit counter